[Event "BL2 Sued 1415 (Women)"]
[Site "Germany"]
[Date "2015.03.28"]
[Round "6.6"]
[White "Le, Kim Anh"]
[Black "Janekovic, Vera"]
[Result "1-0"]
[WhiteElo "1211"]
[BlackElo "1636"]
[PlyCount "97"]
[EventDate "2014.09.27"]
[EventType "team-tourn"]
[EventRounds "7"]
[EventCountry "GER"]
[SourceTitle "CBM 166 Extra"]
[Source "ChessBase"]
[SourceDate "2015.06.18"]
[SourceVersion "1"]
[SourceVersionDate "2015.06.18"]
[SourceQuality "1"]
[WhiteTeam "Gernsheim (W)"]
[BlackTeam "Muenchen Bayern (W)"]
[WhiteTeamCountry "GER"]
[BlackTeamCountry "GER"]

1. e4 d6 2. d4 g6 3. Be2 Bg7 4. Be3 Nf6 5. f3 0-0 6. Nc3 e5 7. Qd2 exd4 8. Bxd4 Nc6 9. Be3 Nd7 10. 0-0-0 Re8 11. Bg5 Bf6 12. Bxf6 Nxf6 13. g4 Kg7 14. g5 Ng8 15. Nd5 Be6 16. Qc3+ f6 17. Nf4 Kf8 18. Nxe6+ Rxe6 19. Bc4 d5 20. Rxd5 Rd6 21. Nh3 fxg5 22. Nxg5 Qe7 23. f4 h6 24. Rxd6 cxd6 25. Ne6+ Ke8 26. Rd1 Rc8 27. Bb3 Qf6 28. Ng7+ Ke7 29. Rxd6 Qxf4+ 30. Rd2 Qe5 31. Qh3 Rd8 32. Rxd8 Nxd8 33. Bxg8 Qxg7 34. Bd5 b6 35. Qa3+ Ke8 36. Qg3 g5 37. e5 Qe7 38. Qc3 g4 39. e6 Qg5+ 40. Qd2 Qxd2+ 41. Kxd2 Ke7 42. Ke3 Nxe6 43. Bxe6 Kxe6 44. Kf4 Kf6 45. Kxg4 Kg6 46. c4 a5 47. b3 h5+ 48. Kf4 Kf6 49. h4 1-0

[Event "GER-chT U16"]
[Site "Magdeburg"]
[Date "2014.12.27"]
[Round "2.3"]
[White "Le, Kim Anh"]
[Black "Denkert, Anna"]
[Result "0-1"]
[WhiteElo "1269"]
[BlackElo "1686"]
[PlyCount "54"]
[EventDate "2014.12.27"]
[EventType "team-swiss"]
[EventRounds "7"]
[EventCountry "GER"]
[SourceTitle "EXT 2016"]
[Source "ChessBase"]
[SourceDate "2015.10.08"]
[SourceVersion "1"]
[SourceVersionDate "2015.10.08"]
[SourceQuality "1"]
[WhiteTeam "Gernsheim"]
[BlackTeam "Berlin Empor"]
[WhiteTeamCountry "GER"]
[BlackTeamCountry "GER"]

1. e4 c6 2. d4 d5 3. Nc3 dxe4 4. Nxe4 Bf5 5. Ng3 Bg6 6. Nf3 Nd7 7. Bd3 Bxd3 8. Qxd3 Ngf6 9. Bf4 e6 10. 0-0-0 Nd5 11. Be5 Nxe5 12. Nxe5 a6 13. Rhf1 Be7 14. f4 Qa5 15. Qb3 b5 16. Kb1 c5 17. c4 bxc4 18. Nxc4 Qc7 19. Ne5 0-0 20. dxc5 Rfb8 21. Qc2 a5 22. Nf5 Bf6 23. Rf3 Nxf4 24. Ne7+ Bxe7 25. Rxf4 Qxe5 26. Rc4 Bf6 27. b3 Qa1# 0-1

[Event "BL2 Sued 1415 (Women)"]
[Site "Germany"]
[Date "2014.11.29"]
[Round "3.6"]
[White "Melikov, Svetlana"]
[Black "Le, Kim Anh"]
[Result "1/2-1/2"]
[WhiteElo "2052"]
[BlackElo "1211"]
[PlyCount "62"]
[EventDate "2014.09.27"]
[EventType "team-tourn"]
[EventRounds "7"]
[EventCountry "GER"]
[SourceTitle "CBM 166 Extra"]
[Source "ChessBase"]
[SourceDate "2015.06.18"]
[SourceVersion "1"]
[SourceVersionDate "2015.06.18"]
[SourceQuality "1"]
[WhiteTeam "Karlsruhe (W)"]
[BlackTeam "Gernsheim (W)"]
[WhiteTeamCountry "GER"]
[BlackTeamCountry "GER"]

1. d4 g6 2. c4 Bg7 3. Nc3 Nf6 4. e4 d6 5. Bd3 e5 6. d5 0-0 7. Nge2 Ne8 8. 0-0 f5 9. exf5 Bxf5 10. Ng3 Bxd3 11. Qxd3 Nf6 12. Bg5 Qc8 13. f4 exf4 14. Rxf4 Nbd7 15. Raf1 Ne5 16. Qc2 Neg4 17. R4f3 Qe8 18. Nge4 Qe5 19. Bf4 Qd4+ 20. Kh1 Qxc4 21. b3 Qb4 22. Ng5 Nh5 23. Ne6 Nxf4 24. Rxf4 Ne3 25. Rxf8+ Bxf8 26. a3 Qg4 27. Ne4 Be7 28. Qf2 Nxf1 29. Nf6+ Bxf6 30. Qxf6 Ng3+ 31. hxg3 Qd1+ 1/2-1/2

[Event "Hessen-ch U14/18 Girls"]
[Site "Bad Homburg"]
[Date "2012.??.??"]
[Round "4"]
[White "Le, Kim Anh"]
[Black "Fey, Maren"]
[Result "0-1"]
[WhiteElo "1024"]
[BlackElo "1158"]
[PlyCount "96"]
[EventDate "2012.04.??"]
[EventType "swiss"]
[EventRounds "9"]
[EventCountry "GER"]
[SourceTitle "EXT 2015"]
[Source "ChessBase"]
[SourceDate "2014.11.20"]
[SourceVersion "1"]
[SourceVersionDate "2014.11.20"]
[SourceQuality "1"]

1. e4 Nf6 2. Nc3 Nc6 3. Nf3 d6 4. d4 Bg4 5. Be2 e6 6. h3 Bh5 7. Bg5 h6 8. Bh4 Be7 9. d5 exd5 10. Nxd5 Nxe4 11. Bxe7 Nxe7 12. Nxe7 Qxe7 13. 0-0 0-0 14. Nd2 Nxd2 15. Qxd2 Qxe2 16. Qxe2 Bxe2 17. Rfe1 Ba6 18. b3 c6 19. f4 f5 20. Rad1 d5 21. c4 dxc4 22. Re7 cxb3 23. axb3 Rfe8 24. Rde1 Kf8 25. R7e5 Bd3 26. R1e3 Rad8 27. Rxe8+ Rxe8 28. Rxd3 Re4 29. g3 b6 30. Rd8+ Ke7 31. Ra8 a5 32. Ra7+ Kf6 33. Rb7 Rb4 34. Rc7 c5 35. Rc6+ Kf7 36. Rc7+ Kg8 37. h4 Rxb3 38. Kh2 a4 39. Rc8+ Kh7 40. Rf8 a3 41. Kh3 a2 42. Ra8 Rb2 43. Ra6 b5 44. Ra5 b4 45. g4 fxg4+ 46. Kxg4 b3 47. Ra7 Rb1 48. f5 a1Q 0-1

[Event "Hessen-ch U14/18 Girls"]
[Site "Bad Homburg"]
[Date "2012.??.??"]
[Round "1"]
[White "Schaefer, Annabelle"]
[Black "Le, Kim Anh"]
[Result "1-0"]
[WhiteElo "1803"]
[BlackElo "1024"]
[PlyCount "67"]
[EventDate "2012.04.??"]
[EventType "swiss"]
[EventRounds "9"]
[EventCountry "GER"]
[SourceTitle "EXT 2015"]
[Source "ChessBase"]
[SourceDate "2014.11.20"]
[SourceVersion "1"]
[SourceVersionDate "2014.11.20"]
[SourceQuality "1"]

1. e4 e5 2. Nf3 Nc6 3. Bc4 h6 4. d4 d6 5. dxe5 Be7 6. exd6 Qxd6 7. Qxd6 Bxd6 8. Nc3 Bg4 9. Bd2 Nge7 10. 0-0-0 Ne5 11. Nxe5 Bxe5 12. f3 Be6 13. Bxe6 fxe6 14. f4 Bd4 15. Nb5 0-0-0 16. Nxd4 Rxd4 17. Rhe1 Rf8 18. g3 Nc6 19. Bc3 Rxd1+ 20. Rxd1 g6 21. Rf1 h5 22. h3 Rf7 23. Kd2 Kd7 24. g4 hxg4 25. hxg4 Ne7 26. Bb4 Nc6 27. a3 a5 28. Bc3 Ne7 29. Bxa5 b6 30. Bc3 Kd6 31. Ke3 c5 32. Be5+ Kd7 33. Rd1+ Kc8 34. Rd6 1-0

[Event "Hessen-ch U14/18 Girls"]
[Site "Bad Homburg"]
[Date "2012.??.??"]
[Round "7"]
[White "Tampe, Katharina"]
[Black "Le, Kim Anh"]
[Result "0-1"]
[WhiteElo "722"]
[BlackElo "1024"]
[PlyCount "88"]
[EventDate "2012.04.??"]
[EventType "swiss"]
[EventRounds "9"]
[EventCountry "GER"]
[SourceTitle "EXT 2015"]
[Source "ChessBase"]
[SourceDate "2014.11.20"]
[SourceVersion "1"]
[SourceVersionDate "2014.11.20"]
[SourceQuality "1"]

1. e4 c5 2. Nf3 e6 3. c3 Qc7 4. g3 Nf6 5. Bg2 Nxe4 6. d3 Nf6 7. Bf4 d6 8. Nbd2 Nbd7 9. 0-0 Be7 10. c4 0-0 11. Ne4 Rd8 12. Nxf6+ Nxf6 13. b3 a6 14. d4 e5 15. dxe5 Nh5 16. exd6 Bxd6 17. Bxd6 Rxd6 18. Qe2 Bg4 19. Qe3 Rdd8 20. Rad1 Re8 21. Qd3 f5 22. Rde1 f4 23. Nh4 Rad8 24. Rxe8+ Rxe8 25. Bd5+ Kh8 26. Be4 Rd8 27. Bd5 b5 28. Nf3 fxg3 29. Ng5 gxh2+ 30. Kg2 Nf4+ 31. Kxh2 Nxd3+ 32. Kg2 Nf4+ 33. Kg3 Nxd5+ 34. Kxg4 Nf6+ 35. Kf3 Rd3+ 36. Ke2 Rd4 37. Ne6 Qe5+ 38. Kf3 Qxe6 39. cxb5 Qe4+ 40. Kg3 Rd3+ 41. f3 Qg4+ 42. Kh2 Rd2+ 43. Rf2 Rxf2+ 44. Kh1 Qg2# 0-1